The 3rd Thing You Need to Know: Literary Characters Quiz Stats

Quiz Updated Oct 9, 2017

Challenge
Share
Tweet
Embed
Score 0/20 Timer 05:00
2 Plays Today
% Correct
Albus Dumbledore
94.6%
Cheshire Cat
93.6%
Dr. Watson
93.6%
Aragorn
89.6%
Miss Marple
84.9%
Artful Dodger
84.8%
Blanche DuBois
81.6%
Lady Macbeth
80.9%
Yuri Zhivago
79.1%
Fantine
74.6%
% Correct
Melanie Hamilton
73%
Miss Havisham
71.1%
Esmeralda
69.8%
Sam Spade
66.6%
Yossarian
65.5%
Prospero
59.4%
Desdemona
58.6%
Philip Marlowe
55.5%
Mister Geppetto
54.2%
Mistress Quickly
31.5%

You're not logged in!

Compare scores with friends on all Sporcle quizzes.
Sign Up with Email
OR
Log In

You Might Also Like...

Show Comments

Extras

Top Quizzes Today


Score Distribution

Your Account Isn't Verified!

In order to create a playlist on Sporcle, you need to verify the email address you used during registration. Go to your Sporcle Settings to finish the process.